[Event "7th ECh U20 Girls"]
[Site "Baile Herculane ROM"]
[Date "1986.03.11"]
[Round "1"]
[White "Coull, Alison"]
[Black "Drewes, Mariette"]
[Result "0-1"]
[WhiteElo "1900"]
[BlackElo "1940"]
[EventDate "1986.03.11"]
[PlyCount "82"]

1.e4 e6 2.d4 d5 3.Nd2 Nf6 4.e5 Nfd7 5.Bd3 c5 6.c3 Nc6 7.Ne2 cxd4 8.cxd4 f6
9.exf6 Nxf6 10.O-O Bd6 11.Nf3 Qc7 12.Nc3 a6 13.h3 O-O 14.Be3 g6 15.Rc1 Kh8
16.Na4 Ng8 17.Nc5 Qg7 18.Be2 Nge7 19.Ng5 Rf6 20.Bd3 Nf5 21.Bb1 Bb8 22.Qg4 
h5 23.Qe2 Qc7 24.f4 Ng3 25.Qd2 Nxf1 26.Rxf1 Kg7 27.Qf2 Ba7 28.Rc1 Qe7 29.
Qg3 b6 30.Nd3 Bd7 31.Ne5 Nxe5 32.dxe5 Rff8 33.Nf3 Be8 34.Nh4 Qf7 35.Qf2 b5
36.Bxa7 Qxa7 37.Rf1 Qxf2+ 38.Rxf2 Rc8 39.Bc2 Rc4 40.g3 g5 41.fxg5 Rxf2 0-1

[Event "7th ECh U20 Girls"]
[Site "Baile Herculane ROM"]
[Date "1986.03.11"]
[Round "1"]
[White "Peicheva, Vera"]
[Black "Strzalka, Joanna"]
[Result "1-0"]
[WhiteElo "1965"]
[BlackElo "1990"]
[EventDate "1986.03.11"]
[PlyCount "91"]

1.e4 e5 2.Nf3 Nc6 3.d4 exd4 4.Nxd4 Bc5 5.Nf5 Qf6 6.Nc3 Nge7 7.Ne3 O-O 8.
Bd3 d6 9.O-O Ne5 10.Ncd5 Nxd5 11.Nxd5 Qh4 12.Bf4 c6 13.Bg3 Qg5 14.b4 cxd5 
15.bxc5 Nxd3 16.Qxd3 dxe4 17.Qxe4 dxc5 18.Bd6 Bf5 19.Qxb7 Rfe8 20.Rae1 Qg6
21.Bg3 Bxc2 22.Rxe8+ Rxe8 23.Qxa7 Qd3 24.h3 c4 25.a4 Qd2 26.Qc7 Bd3 27.Qd7
Qe2 28.Ra1 c3 29.Bf4 c2 30.Be3 Rb8 31.Kh2 h6 32.Ra3 Bg6 33.Rc3 Rb1 34.Qe8+
Kh7 35.Rc8 Bf5 36.Rc5 Be6 37.Qa8 Qd3 38.Qc6 Rb2 39.Rc3 Qd1 40.Qe4+ g6 41.
Qf4 h5 42.Qf6 Qd5 43.Bd4 Qd6+ 44.Be5 Qf8 45.Rc7 Rb4 46.Qxe6 1-0

[Event "7th ECh U20 Girls"]
[Site "Baile Herculane ROM"]
[Date "1986.03.11"]
[Round "1"]
[White "Markov, Vesna"]
[Black "Badulescu, Cristina"]
[Result "0-1"]
[WhiteElo "2060"]
[BlackElo "2150"]
[EventDate "1986.03.11"]
[PlyCount "96"]

1.d4 Nf6 2.c4 e6 3.Nf3 d5 4.Bg5 Bb4+ 5.Nc3 Nbd7 6.a3 Bxc3+ 7.bxc3 h6 8.Bh4
g5 9.Bg3 Ne4 10.Qb3 g4 11.Bh4 f6 12.Ne5 Nxe5 13.dxe5 Kf7 14.Rd1 c6 15.Qb4 
c5 16.Qb2 Qa5 17.cxd5 Qxc3+ 18.Qxc3 Nxc3 19.Rc1 Nxd5 20.e4 Nb6 21.Bxf6 Rg8
22.Rxc5 Bd7 23.Be2 Bc6 24.f3 Nd7 25.Rc3 Nxf6 26.exf6 Kxf6 27.fxg4 Bxe4 28.
O-O+ Ke7 29.Bf3 Bxf3 30.gxf3 Rac8 31.Rfc1 Rxc3 32.Rxc3 Rd8 33.Kf2 Rd2+ 34.
Kg3 a5 35.Rb3 Kf6 36.h4 Ra2 37.Kf4 b5 38.g5+ hxg5+ 39.hxg5+ Kg6 40.Rxb5 
Rxa3 41.Re5 Kf7 42.Ke4 Ra1 43.g6+ Kf6 44.g7 Kxg7 45.Rb5 Kf6 46.Kd4 a4 47.
Ra5 a3 48.Kc3 Rf1 0-1

[Event "7th ECh U20 Girls"]
[Site "Baile Herculane ROM"]
[Date "1986.03.11"]
[Round "1"]
[White "Matveeva, Svetlana"]
[Black "Polakova, Petra"]
[Result "1-0"]
[WhiteElo "2245"]
[BlackElo "2095"]
[EventDate "1986.03.11"]
[PlyCount "67"]

1.d4 d5 2.c4 e6 3.Nc3 Nf6 4.cxd5 exd5 5.Bg5 Be7 6.e3 O-O 7.Bd3 b6 8.Bxf6 
Bxf6 9.Qh5 g6 10.Qxd5 c6 11.Qxd8 Rxd8 12.Nge2 Bb7 13.Be4 Na6 14.O-O Rd7 
15.Rac1 Rad8 16.Rfd1 Rd6 17.Nb5 Re6 18.Bf3 Ba8 19.Nxa7 c5 20.Bxa8 Rxa8 21.
Nb5 Re7 22.Nec3 Rd7 23.dxc5 Rxd1+ 24.Rxd1 Nxc5 25.Rd6 Bd8 26.g3 Ne6 27.a3 
Rc8 28.Kg2 Kg7 29.Nd4 Nc5 30.Nd5 Nd3 31.Nxb6 Rb8 32.Nc4 Be7 33.Nf5+ gxf5 
34.Rxd3 1-0

[Event "7th ECh U20 Girls"]
[Site "Baile Herculane ROM"]
[Date "1986.03.11"]
[Round "1"]
[White "Sziva, Erika"]
[Black "Madl, Ildiko"]
[Result "0-1"]
[WhiteElo "2040"]
[BlackElo "2185"]
[EventDate "1986.03.11"]
[PlyCount "56"]

1.e4 c5 2.Nf3 d6 3.d4 cxd4 4.Nxd4 Nf6 5.Nc3 Nc6 6.Bc4 e6 7.Be3 a6 8.Qe2 
Bd7 9.O-O-O Na5 10.Bb3 Qc7 11.Kb1 b5 12.g4 b4 13.g5 bxc3 14.gxf6 Nxb3 15.
cxb3 gxf6 16.Qc2 Rc8 17.Rc1 cxb2 18.Qxb2 Qb7 19.f3 Rxc1+ 20.Rxc1 d5 21.Nc2
e5 22.exd5 Qxd5 23.f4 Rg8 24.Qc3 Rg2 25.Ne1 Rxh2 26.Bb6 Ba3 27.Qc7 Bf5+ 
28.Nc2 Rxc2 0-1

[Event "7th ECh U20 Girls"]
[Site "Baile Herculane ROM"]
[Date "1986.03.12"]
[Round "2"]
[White "Drewes, Mariette"]
[Black "Peicheva, Vera"]
[Result "0-1"]
[WhiteElo "1940"]
[BlackElo "1965"]
[EventDate "1986.03.11"]
[PlyCount "46"]

1.e4 e5 2.Nf3 Nc6 3.Bb5 a6 4.Bxc6 dxc6 5.O-O Bg4 6.h3 Bh5 7.g4 Bg6 8.Nxe5 
f6 9.Nxg6 hxg6 10.Qf3 Qd7 11.Nc3 Bd6 12.d3 g5 13.Qg2 Ne7 14.f4 gxf4 15.
Bxf4 Bxf4 16.Rxf4 Ng6 17.Rf2 Qd4 18.Kf1 O-O-O 19.Ke2 Nh4 20.Qg3 Ng6 21.Kd2
Rxh3 22.Qxh3 Qxf2+ 23.Ne2 Qxe2+ 0-1

[Event "7th ECh U20 Girls"]
[Site "Baile Herculane ROM"]
[Date "1986.03.12"]
[Round "2"]
[White "Madl, Ildiko"]
[Black "Coull, Alison"]
[Result "1-0"]
[WhiteElo "2185"]
[BlackElo "1900"]
[EventDate "1986.03.11"]
[PlyCount "157"]

1.e4 e6 2.d3 d5 3.Nd2 Nf6 4.Ngf3 Be7 5.g3 c5 6.Bg2 O-O 7.O-O Nc6 8.e5 Ne8 
9.Re1 b5 10.h4 a5 11.Nf1 a4 12.N1h2 Nc7 13.Ng4 b4 14.Bf4 a3 15.b3 Nb5 16.
Qd2 Bb7 17.Bg5 Ncd4 18.Bxe7 Qxe7 19.Ng5 Rfd8 20.Kh2 Rac8 21.Ne3 Nc3 22.f4 
h6 23.Nh3 Ba6 24.Qf2 Nf5 25.Nxf5 exf5 26.Ng1 d4 27.Bh3 g6 28.Nf3 Rc7 29.h5
Nd5 30.Nh4 Kh7 31.e6 gxh5 32.Bxf5+ Kg7 33.exf7 Qxf7 34.Bg6 Qf6 35.Re5 Bc8 
36.Bxh5 Ne3 37.Qe2 Kg8 38.Rg1 Rg7 39.Rxc5 Bg4 40.Bxg4 Nxg4+ 41.Kh3 Ne3 42.
Qf3 Kh8 43.Rc6 Rd6 44.Rc8+ Rd8 45.Qc6 Qxc6 46.Rxc6 Kh7 47.Nf3 Nd5 48.Rc4 
Nc3 49.Rxb4 Nxa2 50.Rxd4 Rxd4 51.Nxd4 Nc3 52.b4 Rb7 53.Ra1 a2 54.b5 Rd7 
55.Nb3 Rd5 56.Kg4 h5+ 57.Kf3 Rxb5 58.Ke3 Kg6 59.d4 Kf5 60.Kd3 Ne4 61.Rxa2 
Nxg3 62.Nd2 Kxf4 63.c4 Rb8 64.Ra7 h4 65.Rh7 Nf5 66.d5 Re8 67.c5 Rd8 68.d6 
Nxd6 69.Rxh4+ Kf5 70.Rh5+ Ke6 71.Rh6+ Kd5 72.Nb3 Nf5 73.Rh5 Kc6+ 74.Kc3 
Ne7 75.Nd4+ Kd7 76.Rh7 Rc8 77.Kc4 Rd8 78.Nb5 Re8 79.Nd6 1-0

[Event "7th ECh U20 Girls"]
[Site "Baile Herculane ROM"]
[Date "1986.03.12"]
[Round "2"]
[White "Polakova, Petra"]
[Black "Boicu, Smaranda"]
[Result "1-0"]
[WhiteElo "2095"]
[BlackElo "2015"]
[EventDate "1986.03.11"]
[PlyCount "69"]

1.e4 c5 2.c3 d5 3.exd5 Qxd5 4.d4 e6 5.Nf3 Nf6 6.Na3 Qd8 7.Nc2 Be7 8.Bd3 
O-O 9.O-O Qc7 10.Qe2 Nbd7 11.Ng5 Bd6 12.h3 b6 13.Ne4 Be7 14.dxc5 bxc5 15.
Bg5 Bb7 16.Nxf6+ Nxf6 17.Ne3 h6 18.Bh4 Qc6 19.Rfd1 Bd8 20.Bb5 Qe4 21.Qc4 
Qg6 22.Bxf6 Bxf6 23.Qxc5 Rfc8 24.Qb4 Bg5 25.Bd3 f5 26.Qxb7 Rab8 27.Qxa7 
Rxb2 28.Nc4 Rbb8 29.Rab1 Ra8 30.Qb7 Rf8 31.Ne5 Qh5 32.Bc4 Kh7 33.Bxe6 Rae8
34.Nd7 Re7 35.Nxf8+ 1-0

[Event "7th ECh U20 Girls"]
[Site "Baile Herculane ROM"]
[Date "1986.03.12"]
[Round "2"]
[White "Strzalka, Joanna"]
[Black "Markov, Vesna"]
[Result "0-1"]
[WhiteElo "1990"]
[BlackElo "2060"]
[EventDate "1986.03.11"]
[PlyCount "61"]

1.e4 c5 2.Nf3 e6 3.c3 Nc6 4.d4 d5 5.exd5 exd5 6.Be3 Qb6 7.b3 Nf6 8.Be2 Bd6
9.O-O O-O 10.a4 a5 11.Na3 cxd4 12.Nxd4 Bc5 13.Nab5 Bd7 14.Rc1 Rac8 15.Bd3 
Ne5 16.b4 axb4 17.cxb4 Bxd4 18.Rxc8 Bxe3 19.a5 Bxf2+ 20.Rxf2 Qe3 21.Rc3 
Qh6 22.Rb2 Nfg4 23.h3 Qe3+ 24.Kh1 Nf2+ 25.Rxf2 Qxf2 26.Nd4 Re8 27.Rc2 Nxd3
28.Qxd3 Re1+ 29.Kh2 Qg1+ 30.Kg3 Re3+ 31.Nf3 0-1

[Event "7th ECh U20 Girls"]
[Site "Baile Herculane ROM"]
[Date "1986.03.12"]
[Round "2"]
[White "Trabert, Bettina"]
[Black "Sziva, Erika"]
[Result "1/2-1/2"]
[WhiteElo "2005"]
[BlackElo "2040"]
[EventDate "1986.03.11"]
[PlyCount "29"]

1.e4 c5 2.c3 d5 3.exd5 Qxd5 4.d4 Nc6 5.Nf3 Bg4 6.Be2 cxd4 7.cxd4 e6 8.Nc3 
Qa5 9.O-O Nf6 10.Be3 Be7 11.Qb3 Qb4 12.Qxb4 Bxb4 13.Rfd1 O-O-O 14.Rac1 Kb8
15.Kf1 1/2-1/2

[Event "7th ECh U20 Girls"]
[Site "Baile Herculane ROM"]
[Date "1986.03.13"]
[Round "3"]
[White "Coull, Alison"]
[Black "Trabert, Bettina"]
[Result "0-1"]
[WhiteElo "1900"]
[BlackElo "2005"]
[EventDate "1986.03.11"]
[PlyCount "54"]

1.e4 e5 2.Nf3 Nc6 3.Bb5 g6 4.O-O Bg7 5.Re1 Nge7 6.c3 d6 7.d3 O-O 8.Nbd2 h6
9.Nf1 Kh7 10.Ng3 f5 11.h3 f4 12.Ne2 g5 13.d4 Ng6 14.Qd3 Qf6 15.Rd1 h5 16.
d5 Nd8 17.Kf1 g4 18.hxg4 hxg4 19.Ne1 Nf7 20.Ng1 Qh4 21.f3 Qh1 22.Qe2 g3 
23.Rd2 Ng5 24.b3 Nh4 25.Qd1 Nh3 26.Ke2 Qxg1 27.Kd3 Nf2+ 0-1

[Event "7th ECh U20 Girls"]
[Site "Baile Herculane ROM"]
[Date "1986.03.13"]
[Round "3"]
[White "Peicheva, Vera"]
[Black "Madl, Ildiko"]
[Result "0-1"]
[WhiteElo "1965"]
[BlackElo "2185"]
[EventDate "1986.03.11"]
[PlyCount "76"]

1.e4 c5 2.Nf3 d6 3.d4 cxd4 4.Nxd4 Nf6 5.Nc3 Nc6 6.Bc4 Qb6 7.Nb3 e6 8.O-O 
Be7 9.Kh1 O-O 10.f4 a6 11.Bd3 Qc7 12.Qf3 b5 13.a3 Bb7 14.Bd2 b4 15.axb4 
Nxb4 16.Nb5 axb5 17.Bxb4 Rxa1 18.Rxa1 Bxe4 19.Bxe4 Qc4 20.Bxd6 Bxd6 21.Bd3
Qb4 22.g3 e5 23.Qd1 Bb8 24.fxe5 Bxe5 25.Ra5 Bxb2 26.Rxb5 Qe7 27.Qe2 Qd6 
28.Qf3 g6 29.Nd2 Qd4 30.Nc4 Bc3 31.Qe3 Qd8 32.Qb6 Qe8 33.Ne3 Nd7 34.Qc7 
Bd4 35.Ng2 Ne5 36.Rd5 Bb2 37.c3 Nxd3 38.Rxd3 Qe2 0-1

[Event "7th ECh U20 Girls"]
[Site "Baile Herculane ROM"]
[Date "1986.03.13"]
[Round "3"]
[White "Boicu, Smaranda"]
[Black "Badulescu, Cristina"]
[Result "0-1"]
[WhiteElo "2015"]
[BlackElo "2150"]
[EventDate "1986.03.11"]
[PlyCount "84"]

1.e4 e5 2.Nf3 Nf6 3.d4 Nxe4 4.Bd3 d5 5.Nxe5 Nd7 6.Nxd7 Bxd7 7.Qe2 Qe7 8.
O-O O-O-O 9.Re1 Qh4 10.Bxe4 Qxe4 11.Be3 Bb4 12.c3 Bd6 13.Nd2 Qh4 14.Nf3 
Qh5 15.Ne5 Qxe2 16.Rxe2 Bb5 17.Rd2 Rhf8 18.a4 Ba6 19.b4 f6 20.Nd3 Bxd3 21.
Rxd3 Rde8 22.Kf1 f5 23.Bd2 h6 24.h3 Kd7 25.Re1 Re4 26.f3 Rxe1+ 27.Bxe1 Re8
28.Bf2 a5 29.bxa5 Ra8 30.c4 dxc4 31.Rc3 Rxa5 32.Rxc4 Ke6 33.Be1 Kd5 34.
Rc5+ Rxc5 35.dxc5 Bxc5 36.Ke2 Kc4 37.g4 fxg4 38.fxg4 Kb3 39.a5 Bb4 40.a6 
bxa6 41.Bg3 c5 42.Kd1 c4 0-1

[Event "7th ECh U20 Girls"]
[Site "Baile Herculane ROM"]
[Date "1986.03.13"]
[Round "3"]
[White "Markov, Vesna"]
[Black "Drewes, Mariette"]
[Result "1/2-1/2"]
[WhiteElo "2060"]
[BlackElo "1940"]
[EventDate "1986.03.11"]
[PlyCount "78"]

1.d4 d5 2.c4 c6 3.Nc3 Nf6 4.Nf3 dxc4 5.a4 Bf5 6.e3 e6 7.Bxc4 Bb4 8.O-O 
Nbd7 9.Qb3 a5 10.Na2 Be7 11.Re1 Qc7 12.Nc3 O-O 13.h3 Bg6 14.e4 e5 15.Bg5 
exd4 16.Nxd4 Nc5 17.Qc2 Rfe8 18.Nf5 Bxf5 19.exf5 h6 20.Be3 Rad8 21.Rad1 
Bd6 22.Ne2 Nce4 23.Qb3 Bb4 24.Rxd8 Rxd8 25.Rd1 Nd2 26.Bxd2 Rxd2 27.Rxd2 
Bxd2 28.Qd3 Bb4 29.Nd4 Qd6 30.Nc2 Qxd3 31.Bxd3 Bc5 32.Kf1 Kf8 33.Ne3 Ke7 
34.Nc4 Bb4 35.Ke2 Ne8 36.Kf3 Nd6 37.Nxd6 Kxd6 38.Ke4 f6 39.Bc4 Bd2 1/2-1/2

[Event "7th ECh U20 Girls"]
[Site "Baile Herculane ROM"]
[Date "1986.03.13"]
[Round "3"]
[White "Sziva, Erika"]
[Black "Matveeva, Svetlana"]
[Result "0-1"]
[WhiteElo "2040"]
[BlackElo "2245"]
[EventDate "1986.03.11"]
[PlyCount "64"]

1.e4 c5 2.Nf3 d6 3.d4 cxd4 4.Nxd4 Nf6 5.Nc3 g6 6.Be3 Bg7 7.f3 O-O 8.Qd2 
Nc6 9.Bc4 Bd7 10.h4 Ne5 11.Bb3 Qa5 12.O-O-O Rfc8 13.g4 b5 14.h5 Nc4 15.
Bxc4 bxc4 16.Kb1 Rab8 17.Ka1 Qb4 18.Rb1 Rc5 19.hxg6 fxg6 20.g5 Nh5 21.Rhg1
Ra5 22.a3 Ra6 23.Rgd1 Qb7 24.Qe2 Be6 25.f4 Bf7 26.Rg1 Nxf4 27.Qd2 Nh5 28.
Rgf1 Qb4 29.Rf2 Ng3 30.Rxf7 Kxf7 31.Qf2+ Kg8 32.Ka2 Nxe4 0-1

[Event "7th ECh U20 Girls"]
[Site "Baile Herculane ROM"]
[Date "1986.03.14"]
[Round "4"]
[White "Madl, Ildiko"]
[Black "Markov, Vesna"]
[Result "1-0"]
[WhiteElo "2185"]
[BlackElo "2060"]
[EventDate "1986.03.11"]
[PlyCount "57"]

1.e4 c5 2.Nf3 e6 3.d4 cxd4 4.Nxd4 Nf6 5.Nc3 d6 6.f4 Be7 7.Bb5+ Nfd7 8.f5 
e5 9.Ne6 fxe6 10.Qh5+ Kf8 11.fxe6 Qe8 12.O-O+ Bf6 13.exd7 Bxd7 14.Rxf6+ 
gxf6 15.Qh6+ Kf7 16.Bc4+ Be6 17.Bg5 Nd7 18.Nb5 Qf8 19.Bxe6+ Kxe6 20.Nc7+ 
Ke7 21.Qh3 Qf7 22.Rf1 Rhg8 23.Nd5+ Kd8 24.Bxf6+ Nxf6 25.Rxf6 Qd7 26.Qh6 
Kc8 27.Rxd6 Qg7 28.Qe6+ Kb8 29.g3 1-0

[Event "7th ECh U20 Girls"]
[Site "Baile Herculane ROM"]
[Date "1986.03.14"]
[Round "4"]
[White "Matveeva, Svetlana"]
[Black "Coull, Alison"]
[Result "1-0"]
[WhiteElo "2245"]
[BlackElo "1900"]
[EventDate "1986.03.11"]
[PlyCount "73"]

1.d4 e6 2.c4 d5 3.Nc3 Be7 4.Nf3 Nf6 5.cxd5 exd5 6.Bg5 Bf5 7.Bxf6 Bxf6 8.
Qb3 Bc8 9.Nxd5 O-O 10.e3 c6 11.Nxf6+ Qxf6 12.Bd3 Nd7 13.O-O Qe7 14.Rfe1 
Nf6 15.e4 Bg4 16.Bc2 Rfd8 17.Rad1 g6 18.h3 Bxf3 19.Qxf3 Rd7 20.Qc3 Re8 21.
b4 Rdd8 22.a4 Nd7 23.Bb3 Nf8 24.Qc4 Qf6 25.Qc5 a6 26.b5 axb5 27.axb5 cxb5 
28.Qxb5 Qc6 29.Qc4 Qxc4 30.Bxc4 Re7 31.d5 Rc7 32.Bb5 Rc5 33.Rb1 Kg7 34.
Rec1 Rxc1+ 35.Rxc1 Rd6 36.Rc7 b6 37.Be8 1-0

[Event "7th ECh U20 Girls"]
[Site "Baile Herculane ROM"]
[Date "1986.03.14"]
[Round "4"]
[White "Polakova, Petra"]
[Black "Badulescu, Cristina"]
[Result "1-0"]
[WhiteElo "2095"]
[BlackElo "2150"]
[EventDate "1986.03.11"]
[PlyCount "119"]

1.e4 c5 2.c3 Nf6 3.e5 Nd5 4.d4 cxd4 5.Nf3 Nc6 6.Bc4 Nb6 7.Bb3 d5 8.exd6 
Qxd6 9.O-O Be6 10.Na3 a6 11.Bxe6 Qxe6 12.Nxd4 Nxd4 13.Qxd4 Rd8 14.Qh4 Qc6 
15.Be3 Nd7 16.Rfd1 e5 17.Nc2 Be7 18.Qg4 O-O 19.Nb4 Bxb4 20.Qxb4 Nf6 21.c4 
h6 22.Bb6 Rxd1+ 23.Rxd1 Rc8 24.b3 Qe4 25.f3 Qc2 26.Qd2 Qg6 27.Bd8 Nh5 28.
Qd3 Qxd3 29.Rxd3 b5 30.cxb5 axb5 31.Rd2 Nf4 32.a4 Rc3 33.axb5 Rxb3 34.b6 
Nd3 35.Kf1 f5 36.Bc7 e4 37.fxe4 fxe4 38.Ke2 Kf7 39.Ke3 Nc5+ 40.Kd4 Rd3+ 
41.Rxd3 exd3 42.Bf4 Nd7 43.b7 g5 44.Be3 Ke6 45.Kxd3 Kd6 46.Ba7 Kc7 47.
b8=Q+ Nxb8 48.Bxb8+ Kxb8 49.g4 Kc7 50.Ke4 Kd6 51.Kf5 h5 52.h3 Ke7 53.Kxg5 
hxg4 54.hxg4 Kf7 55.Kh6 Kg8 56.Kg6 Kh8 57.Kh6 Kg8 58.g5 Kh8 59.g6 Kg8 60.
g7 1-0

[Event "7th ECh U20 Girls"]
[Site "Baile Herculane ROM"]
[Date "1986.03.14"]
[Round "4"]
[White "Strzalka, Joanna"]
[Black "Boicu, Smaranda"]
[Result "1-0"]
[WhiteElo "1990"]
[BlackElo "2015"]
[EventDate "1986.03.11"]
[PlyCount "81"]

1.e4 d5 2.exd5 Nf6 3.Bb5+ Nbd7 4.c4 a6 5.Ba4 b5 6.cxb5 Nxd5 7.Nc3 Bb7 8.
Nf3 axb5 9.Nxb5 N5b6 10.Bb3 e6 11.Qc2 Bc5 12.Qc3 O-O 13.d4 Bd6 14.Nxd6 
cxd6 15.Bg5 Nf6 16.O-O Nbd5 17.Bxd5 Bxd5 18.Nd2 h6 19.Bh4 g5 20.Bg3 Qb8 
21.b3 Rc8 22.Qd3 Qb4 23.Rfe1 Rc6 24.h4 Rac8 25.a3 Qb6 26.Rab1 Qa7 27.hxg5 
Rc3 28.Qe2 Qxd4 29.Bxd6 Ng4 30.Rbd1 Rc2 31.Be5 Nxe5 32.Qxe5 Qg4 33.Ne4 
Bxe4 34.Qxe4 Qxg5 35.Rd3 Qf6 36.Rf3 Qb2 37.Qf4 R8c7 38.Qxh6 f5 39.Qxe6+ 
Kg7 40.Rg3+ Kh8 41.Qg8# 1-0

[Event "7th ECh U20 Girls"]
[Site "Baile Herculane ROM"]
[Date "1986.03.14"]
[Round "4"]
[White "Trabert, Bettina"]
[Black "Peicheva, Vera"]
[Result "0-1"]
[WhiteElo "2005"]
[BlackElo "1965"]
[EventDate "1986.03.11"]
[PlyCount "60"]

1.e4 e5 2.Nc3 Nf6 3.g3 Nc6 4.Bg2 d6 5.Nge2 Be6 6.d3 Qd7 7.h3 O-O-O 8.f4 g6
9.Nd5 Bxd5 10.exd5 Nd4 11.O-O Nxe2+ 12.Qxe2 Nh5 13.Qf2 Kb8 14.fxe5 dxe5 
15.Be3 f5 16.Bxa7+ Ka8 17.a4 Bd6 18.c4 b6 19.d4 exd4 20.a5 Kxa7 21.axb6+ 
Kb8 22.Qxd4 cxb6 23.Qxb6+ Qb7 24.Qd4 Nxg3 25.Rfe1 Rc8 26.Qd3 Qb6+ 27.Re3 
f4 28.c5 Qxc5 29.Qb3+ Kc7 30.Qc3 Ne2+ 0-1

[Event "7th ECh U20 Girls"]
[Site "Baile Herculane ROM"]
[Date "1986.03.15"]
[Round "5"]
[White "Badulescu, Cristina"]
[Black "Strzalka, Joanna"]
[Result "0-1"]
[WhiteElo "2150"]
[BlackElo "1990"]
[EventDate "1986.03.11"]
[PlyCount "88"]

1.e4 e5 2.Bc4 Nf6 3.d3 Nc6 4.Nf3 Bc5 5.c3 d6 6.b4 Bb6 7.a4 a5 8.b5 Ne7 9.
O-O O-O 10.Nbd2 Ng6 11.Bb3 Bg4 12.Nc4 Nh4 13.Ncd2 c6 14.h3 Bh5 15.Qc2 
Nxf3+ 16.Nxf3 Bxf3 17.gxf3 Nh5 18.Kg2 cxb5 19.axb5 Rc8 20.Bc4 Qh4 21.Rg1 
Kh8 22.Be3 Nf4+ 23.Bxf4 Qxf4 24.Qc1 Qh4 25.Ra2 f5 26.Be6 fxe4 27.Bxc8 
exf3+ 28.Kf1 Rxc8 29.Rg3 e4 30.dxe4 Qxe4 31.Kg1 Bd4 32.Rg4 Qe5 33.Rxa5 
Bxf2+ 34.Kh1 Bb6 35.Ra1 f2 36.Qf1 Re8 37.Rga4 d5 38.Qg2 Qe1+ 39.Qf1 Qxc3 
40.R1a3 Qe1 41.Ra1 d4 42.Rd1 Qxd1 43.Qxd1 Re1+ 44.Kh2 Bc7+ 0-1

[Event "7th ECh U20 Girls"]
[Site "Baile Herculane ROM"]
[Date "1986.03.15"]
[Round "5"]
[White "Peicheva, Vera"]
[Black "Matveeva, Svetlana"]
[Result "0-1"]
[WhiteElo "1965"]
[BlackElo "2245"]
[EventDate "1986.03.11"]
[PlyCount "52"]

1.e4 c5 2.Nf3 d6 3.d4 cxd4 4.Nxd4 Nf6 5.Nc3 g6 6.g3 Nc6 7.Bg2 Nxd4 8.Qxd4 
Bg7 9.O-O O-O 10.Qb4 Qc7 11.a4 Be6 12.Bf4 a5 13.Qa3 Nd7 14.Rac1 Bxc3 15.
bxc3 Rfc8 16.Rb1 Rab8 17.Bd2 Ne5 18.Qc1 Qd7 19.f4 Nc4 20.f5 gxf5 21.Bh6 f6
22.exf5 Bxf5 23.Qf4 Be6 24.Qh4 Ne5 25.Be4 Rc4 26.Rf4 Rxe4 0-1

[Event "7th ECh U20 Girls"]
[Site "Baile Herculane ROM"]
[Date "1986.03.15"]
[Round "5"]
[White "Boicu, Smaranda"]
[Black "Drewes, Mariette"]
[Result "1-0"]
[WhiteElo "2015"]
[BlackElo "1940"]
[EventDate "1986.03.11"]
[PlyCount "55"]

1.e4 e6 2.d4 d5 3.e5 c5 4.c3 Nc6 5.Nf3 Qb6 6.a3 c4 7.g3 f6 8.exf6 Nxf6 9.
Bg2 Bd6 10.O-O O-O 11.Qe2 Kh8 12.Ne5 Bxe5 13.dxe5 Nd7 14.Be3 Nc5 15.f4 Qa5
16.Nd2 Bd7 17.Nf3 Be8 18.Nh4 Bf7 19.Kh1 Rad8 20.f5 Nd3 21.Bh3 d4 22.Bg5 
Rc8 23.fxe6 Qd5+ 24.Qf3 Bxe6 25.Bxe6 Qxe6 26.Qxf8+ Rxf8 27.Rxf8+ Qg8 28.
Rxg8+ 1-0

[Event "7th ECh U20 Girls"]
[Site "Baile Herculane ROM"]
[Date "1986.03.15"]
[Round "5"]
[White "Markov, Vesna"]
[Black "Trabert, Bettina"]
[Result "1/2-1/2"]
[WhiteElo "2060"]
[BlackElo "2005"]
[EventDate "1986.03.11"]
[PlyCount "36"]

1.d4 d5 2.c4 c6 3.Nf3 e6 4.e3 Nf6 5.Nc3 Bd6 6.Bd3 Nbd7 7.O-O O-O 8.Qe2 Qe7
9.e4 dxc4 10.Bxc4 e5 11.d5 cxd5 12.Bxd5 Nb6 13.Bg5 Be6 14.Rad1 Rad8 15.
Bxf6 Qxf6 16.Bxe6 Qxe6 17.Rd3 Rd7 18.Rfd1 Rfd8 1/2-1/2

[Event "7th ECh U20 Girls"]
[Site "Baile Herculane ROM"]
[Date "1986.03.15"]
[Round "5"]
[White "Sziva, Erika"]
[Black "Polakova, Petra"]
[Result "1/2-1/2"]
[WhiteElo "2040"]
[BlackElo "2095"]
[EventDate "1986.03.11"]
[PlyCount "92"]

1.e4 e5 2.Nf3 Nc6 3.Bb5 a6 4.Ba4 Nf6 5.d3 d6 6.c3 Be7 7.Nbd2 O-O 8.O-O b5 
9.Bc2 Re8 10.a4 Bb7 11.Re1 Bf8 12.Nf1 g6 13.h3 Bg7 14.N3h2 Nd7 15.Ng4 Qh4 
16.Ng3 Nc5 17.axb5 axb5 18.Rxa8 Bxa8 19.Be3 Ne6 20.Qd2 Nf4 21.Bxf4 exf4 
22.Qxf4 f5 23.Nxf5 gxf5 24.Qxf5 Rf8 25.Qe6+ Kh8 26.Rf1 b4 27.d4 bxc3 28.
bxc3 Nd8 29.Qd7 Rf7 30.Qc8 Bb7 31.Qb8 Ba6 32.Ra1 Be2 33.g3 Qxh3 34.Qxd8+ 
Rf8 35.Qh4 Qxh4 36.gxh4 Bxg4 37.Kg2 c5 38.Ra4 Bd7 39.Ra7 Bg4 40.Ra4 Bd7 
41.Ra7 Be6 42.Ra6 cxd4 43.Rxd6 d3 44.Bxd3 Bg4 45.f4 Rxf4 46.Rd8+ Rf8 
1/2-1/2

[Event "7th ECh U20 Girls"]
[Site "Baile Herculane ROM"]
[Date "1986.03.16"]
[Round "6"]
[White "Drewes, Mariette"]
[Black "Badulescu, Cristina"]
[Result "0-1"]
[WhiteElo "1940"]
[BlackElo "2150"]
[EventDate "1986.03.11"]
[PlyCount "118"]

1.e4 c5 2.c3 Nf6 3.e5 Nd5 4.d4 cxd4 5.Nf3 Nc6 6.Bc4 Nb6 7.Bb3 d5 8.exd6 
Qxd6 9.O-O Be6 10.Na3 Bxb3 11.Qxb3 e6 12.Nb5 Qd7 13.Nbxd4 Nxd4 14.Nxd4 Be7
15.Bf4 O-O 16.Qc2 Qd5 17.Rfd1 Qh5 18.Nf3 Bf6 19.Qe4 Qb5 20.Rd2 Nc4 21.Qe2 
a6 22.Nd4 Qc5 23.Nb3 Qc6 24.Rd3 e5 25.Bg3 e4 26.Rdd1 Rad8 27.Rac1 b5 28.
Nd4 Qb7 29.Nf5 g6 30.Nd6 Nxd6 31.Rxd6 Rxd6 32.Bxd6 Rd8 33.Bf4 Qd5 34.a3 
Bg7 35.Kf1 f5 36.Ke1 Kf7 37.Rc2 Qd3 38.Qxd3 Rxd3 39.Ke2 Ke6 40.c4 Rb3 41.
cxb5 axb5 42.Bc1 Be5 43.h3 f4 44.Ke1 g5 45.a4 Rb4 46.axb5 Rxb5 47.Rc6+ Kf5
48.Rh6 Bg7 49.Ra6 Rc5 50.Kd1 Bd4 51.b4 Rb5 52.g4+ Ke5 53.Ra5 Rxa5 54.bxa5 
Bxf2 55.Bb2+ Kd5 56.Ke2 Bc5 57.Bf6 f3+ 58.Ke1 e3 59.Bxg5 Bb4+ 0-1

[Event "7th ECh U20 Girls"]
[Site "Baile Herculane ROM"]
[Date "1986.03.16"]
[Round "6"]
[White "Madl, Ildiko"]
[Black "Boicu, Smaranda"]
[Result "1/2-1/2"]
[WhiteElo "2185"]
[BlackElo "2015"]
[EventDate "1986.03.11"]
[PlyCount "126"]

1.e4 c5 2.Nf3 e6 3.d4 cxd4 4.Nxd4 Nc6 5.Nc3 Qc7 6.g3 a6 7.Bg2 d6 8.O-O Bd7
9.Nce2 Nf6 10.c4 Nxd4 11.Qxd4 Rc8 12.b3 b5 13.Ba3 bxc4 14.Rac1 Bb5 15.Rc2 
Be7 16.Rfc1 O-O 17.bxc4 e5 18.Qd3 Ba4 19.Rd2 Rfd8 20.h3 h6 21.Kh2 Nh7 22.
Qe3 Nf8 23.Nc3 Bc6 24.Nd5 Bxd5 25.cxd5 Qa5 26.Rdc2 Bg5 27.f4 Rxc2 28.Rxc2 
exf4 29.gxf4 Bxf4+ 30.Qxf4 Qxa3 31.Rf2 Rd7 32.Qf5 Qc3 33.Rf3 Qc7 34.Ra3 a5
35.Qf1 Qc5 36.Ra4 Ng6 37.Qc4 Rc7 38.Qa6 Qf2 39.Qf1 Qxf1 40.Bxf1 Rc5 41.Kg3
Kf8 42.Ra3 Ne7 43.Bg2 Ke8 44.Rb3 Kd7 45.Rb7+ Rc7 46.Rb3 Ng6 47.Bf1 Ne5 48.
Bb5+ Ke7 49.Ra3 Ra7 50.Kf4 Kf6 51.Ke3 g5 52.Be2 Kg6 53.Rb3 Kf6 54.Ra3 Rc7 
55.Rxa5 Nc4+ 56.Bxc4 Rxc4 57.Kd3 Rc1 58.Ra7 Rh1 59.Rd7 Rxh3+ 60.Kd4 g4 61.
Rxd6+ Ke7 62.Rb6 Rh1 63.Ke5 g3 1/2-1/2

[Event "7th ECh U20 Girls"]
[Site "Baile Herculane ROM"]
[Date "1986.03.16"]
[Round "6"]
[White "Matveeva, Svetlana"]
[Black "Markov, Vesna"]
[Result "0-1"]
[WhiteElo "2245"]
[BlackElo "2060"]
[EventDate "1986.03.11"]
[PlyCount "132"]

1.d4 d5 2.c4 e6 3.cxd5 exd5 4.Nc3 Nf6 5.Bg5 Be7 6.e3 Nbd7 7.Nf3 c6 8.Qc2 
O-O 9.Bd3 Re8 10.O-O Nf8 11.Bxf6 Bxf6 12.b4 Bg4 13.Nd2 Rc8 14.Bf5 Bxf5 15.
Qxf5 g6 16.Qd3 Ne6 17.Nf3 Qd6 18.Rab1 Red8 19.Rfc1 Bg7 20.Na4 b6 21.Qc2 
Rc7 22.Ne1 Re8 23.Nc3 Qd7 24.Nd3 Rec8 25.Na4 Re8 26.Qd1 Rec8 27.Qb3 Bf8 
28.Rd1 b5 29.Nab2 Bd6 30.Ne1 Ng5 31.h3 Re8 32.Kf1 Qf5 33.Ke2 Qe4 34.a3 f5 
35.Nf3 Nxf3 36.gxf3 Qh4 37.Nd3 Qxd4 38.Rbc1 Kg7 39.Qc3 Qxc3 40.Rxc3 f4 41.
Nc5 fxe3 42.fxe3 Bxc5 43.Rxc5 Rce7 44.Rd3 Re6 45.Kf2 Rf6 46.Rdc3 Ree6 47.
a4 a6 48.axb5 axb5 49.Ra3 Re4 50.Ra7+ Kh6 51.Ra6 Rc4 52.Rxb5 Rxf3+ 53.Kxf3
cxb5 54.Rd6 Rxb4 55.Rxd5 Rb1 56.h4 b4 57.Rd7 b3 58.Rb7 g5 59.hxg5+ Kxg5 
60.Rg7+ Kf6 61.Rg2 b2 62.Ke4 h5 63.Rd2 h4 64.Kd3 h3 65.Kc2 Rg1 66.Kxb2 Rg2
0-1